[Event "CYCC U10 w"]
[Site "Victoria CAN"]
[Date "2005.03.26"]
[Round "5.1"]
[White "Packo, Bianca"]
[Black "Roy, Myriam"]
[Result "0-1"]
[WhiteElo "1016"]
[BlackElo "985"]
[PlyCount "50"]
[GameId "2160767910969055"]
[EventDate "2005.03.24"]
[EventType "swiss"]
[EventRounds "7"]
[EventCountry "CAN"]

1. d3 d5 2. g3 e5 3. Bg2 Nf6 4. d4 exd4 5. Qxd4 c5 6. Qe5+ Be6 7. a4 Nc6 8. Qc3 Be7 9. Ra3 c4 10. b3 Bb4 11. Qd2 Bxd2+ 12. Bxd2 Nd4 13. c3 Nc2+ 14. Kd1 Nxa3 15. Nxa3 cxb3 16. Bc1 Rc8 17. Bb2 Ne4 18. Nb1 Nxf2+ 19. Kc1 Qb6 20. Bf3 Nxh1 21. Bxh1 Qxg1+ 22. Kd2 Qxb1 23. Bc1 b2 24. Bxb2 Qxb2+ 25. Kd3 Qxc3# 0-1

[Event "CYCC U10 w"]
[Site "Victoria CAN"]
[Date "2005.03.26"]
[Round "5.2"]
[White "Johnson, Andrea"]
[Black "Hapchina, Malina"]
[Result "0-1"]
[WhiteElo "939"]
[BlackElo "954"]
[PlyCount "46"]
[GameId "2160767910969056"]
[EventDate "2005.03.24"]
[EventType "swiss"]
[EventRounds "7"]
[EventCountry "CAN"]

1. e4 e5 2. Bb5 Nf6 3. Nc3 g6 4. Nf3 Nc6 5. O-O Bg7 6. d3 O-O 7. Be3 a6 8. Bc4 d6 9. Nh4 Bg4 10. Qd2 b5 11. Bb3 Nd7 12. Rfe1 Qxh4 13. Bg5 Qh5 14. Re3 Qxg5 15. a3 Nd4 16. Ba2 Bh6 17. Rh3 Qxd2 18. Rg3 Ne2+ 19. Kh1 Nxg3+ 20. hxg3 Qxc2 21. Rb1 Qxf2 22. Kh2 Nf6 23. b4 Bf3 0-1

[Event "CYCC U10 w"]
[Site "Victoria CAN"]
[Date "2005.03.26"]
[Round "5.3"]
[White "Greber, Caitlin"]
[Black "Kalaydina, Regina Veronicka"]
[Result "0-1"]
[WhiteElo "1073"]
[BlackElo "1056"]
[PlyCount "86"]
[GameId "2160767910969057"]
[EventDate "2005.03.24"]
[EventType "swiss"]
[EventRounds "7"]
[EventCountry "CAN"]

1. e4 e5 2. Nc3 Nf6 3. Nf3 Nc6 4. d3 d6 5. Nxe5 dxe5 6. Bg5 Be7 7. Nd5 Bg4 8. f3 Be6 9. Nxf6+ Bxf6 10. Bxf6 Qxf6 11. Be2 O-O-O 12. O-O Nd4 13. Qd2 Nc6 14. d4 exd4 15. Bb5 Bd7 16. Bxc6 Bxc6 17. Rfd1 Rhe8 18. a4 Qe5 19. h3 Re6 20. b4 Rg6 21. b5 Be8 22. a5 Bxb5 23. a6 Bxa6 24. Ra5 c5 25. Qd3 Bxd3 26. Rxd3 Qg5 27. Rd2 Qg3 28. Rf2 Qf4 29. c3 Qe3 30. Raa2 Qxc3 31. Rfc2 Qe3+ 32. Rf2 Rdd6 33. Rae2 Qf4 34. Kf1 Qh2 35. Ke1 c4 36. Rc2 c3 37. g4 Qf4 38. h4 Rc6 39. h5 d3 40. hxg6 dxc2 41. gxh7 Qc1+ 42. Ke2 Qd1+ 43. Ke3 c1=Q+ 0-1

[Event "CYCC U10 w"]
[Site "Victoria CAN"]
[Date "2005.03.26"]
[Round "5.4"]
[White "Ruiter, Erika"]
[Black "Botez, Alexandra"]
[Result "0-1"]
[WhiteElo "956"]
[BlackElo "1317"]
[PlyCount "122"]
[GameId "2160767910969058"]
[EventDate "2005.03.24"]
[EventType "swiss"]
[EventRounds "7"]
[EventCountry "CAN"]

1. e4 e6 2. d4 d5 3. exd5 exd5 4. Nf3 Bd6 5. Bg5 f6 6. Bh4 Bg4 7. Be2 Ne7 8. O-O O-O 9. Nbd2 Nd7 10. c3 Nf5 11. h3 Bh5 12. Re1 Nb6 13. Qc2 Bxf3 14. Nxf3 Nxh4 15. Nxh4 Qd7 16. Bd3 g6 17. Qb3 c6 18. Re2 Rfe8 19. Rae1 Rxe2 20. Rxe2 Re8 21. Qc2 Rxe2 22. Qxe2 Qe7 23. Qxe7 Bxe7 24. Nf3 Na4 25. c4 Nxb2 26. Ne1 dxc4 27. Be4 f5 28. Bc2 Bb4 29. Kf1 Bxe1 30. Kxe1 c3 31. Bb3+ Kf8 32. Ke2 Ke7 33. Ke3 g5 34. Bc2 Ke6 35. g3 a5 36. a4 b5 37. Bb3+ Kf6 38. axb5 cxb5 39. d5 a4 40. Ba2 Ke5 41. f4+ gxf4+ 42. gxf4+ Kd6 43. Bb1 a3 44. Ba2 Nc4+ 45. Kd3 Kxd5 46. Bxc4+ bxc4+ 47. Kxc3 Ke4 48. h4 Kxf4 49. h5 Ke3 50. Kc2 f4 51. Kb1 f3 52. Ka2 f2 53. h6 f1=Q 54. Kxa3 Qb1 55. Ka4 Qb2 56. Ka5 Qb3 57. Ka6 Qb4 58. Ka7 c3 59. Ka6 c2 60. Ka7 c1=R 61. Ka6 Ra1# 0-1

[Event "CYCC U10 w"]
[Site "Victoria CAN"]
[Date "2005.03.26"]
[Round "6.1"]
[White "Roy, Myriam"]
[Black "Ruiter, Erika"]
[Result "1-0"]
[WhiteElo "985"]
[BlackElo "956"]
[PlyCount "39"]
[GameId "2160767910969060"]
[EventDate "2005.03.24"]
[EventType "swiss"]
[EventRounds "7"]
[EventCountry "CAN"]

1. e4 Nf6 2. e5 Nd5 3. c4 Nb6 4. d4 d6 5. f4 dxe5 6. fxe5 Nc6 7. Be3 g6 8. Nf3 Bg7 9. Be2 O-O 10. O-O Be6 11. Na3 f6 12. d5 Bxd5 13. cxd5 Qxd5 14. Bc4 Qxc4 15. Nxc4 Nxc4 16. Qd5+ Rf7 17. Qxc4 fxe5 18. Ng5 Bf6 19. Qxf7+ Kh8 20. Qxh7# 1-0

[Event "CYCC U10 w"]
[Site "Victoria CAN"]
[Date "2005.03.26"]
[Round "6.2"]
[White "Botez, Alexandra"]
[Black "Greber, Caitlin"]
[Result "1-0"]
[WhiteElo "1317"]
[BlackElo "1073"]
[PlyCount "61"]
[GameId "2160767910969061"]
[EventDate "2005.03.24"]
[EventType "swiss"]
[EventRounds "7"]
[EventCountry "CAN"]

1. d4 d5 2. c4 dxc4 3. Nc3 Nc6 4. e3 e6 5. Bxc4 Bb4 6. Nf3 Nf6 7. O-O O-O 8. a3 Bxc3 9. bxc3 Ne4 10. Bb2 Nd6 11. Bd3 Nf5 12. e4 Nfe7 13. Qc2 e5 14. dxe5 Bg4 15. Nd4 Nxd4 16. cxd4 f6 17. exf6 gxf6 18. e5 Kf7 19. Bc4+ Ke8 20. exf6 Rxf6 21. d5 Rh6 22. Bb5+ c6 23. dxc6 Qd6 24. c7+ Kf8 25. g3 Qg6 26. Qxg6 Nxg6 27. f3 Bh3 28. Rfd1 Rc8 29. Rd8+ Rxd8 30. cxd8=Q+ Kf7 31. Bc4+ 1-0

[Event "CYCC U10 w"]
[Site "Victoria CAN"]
[Date "2005.03.26"]
[Round "6.3"]
[White "Kalaydina, Regina Veronicka"]
[Black "Johnson, Andrea"]
[Result "1-0"]
[WhiteElo "1056"]
[BlackElo "939"]
[PlyCount "51"]
[GameId "2160767910969062"]
[EventDate "2005.03.24"]
[EventType "swiss"]
[EventRounds "7"]
[EventCountry "CAN"]

1. e4 e5 2. Nf3 Nc6 3. Bc4 Bb4 4. Nc3 Nf6 5. Ng5 Qe7 6. Nxf7 Rf8 7. Ng5 d6 8. d3 Bd7 9. O-O Na5 10. a3 Bc5 11. b4 h6 12. Nf3 Be6 13. Bxe6 Qxe6 14. bxc5 dxc5 15. Rb1 h5 16. Nb5 Kd8 17. Ng5 Qe8 18. Qd2 Rh8 19. Qxa5 Rc8 20. Nd6 Qd7 21. Nxc8 Qxc8 22. Nf7+ Kd7 23. Nxh8 Qxh8 24. Rxb7 h4 25. Qxc7+ Ke6 26. Qd7+ 1-0

[Event "CYCC U10 w"]
[Site "Victoria CAN"]
[Date "2005.03.26"]
[Round "6.4"]
[White "Hapchina, Malina"]
[Black "Packo, Bianca"]
[Result "1-0"]
[WhiteElo "954"]
[BlackElo "1016"]
[PlyCount "54"]
[GameId "2160767910969063"]
[EventDate "2005.03.24"]
[EventType "swiss"]
[EventRounds "7"]
[EventCountry "CAN"]

1. d4 d5 2. c4 dxc4 3. Nc3 g6 4. e4 Bg7 5. Bxc4 Bxd4 6. Nf3 Bd7 7. Nxd4 Nf6 8. O-O e5 9. Nde2 Bc6 10. Qxd8+ Kxd8 11. Rd1+ Nbd7 12. Bxf7 Nxe4 13. Nxe4 Bxe4 14. Be6 Bc6 15. Bg5+ Ke8 16. Bxd7+ Bxd7 17. Bf6 Rf8 18. Bxe5 Rc8 19. Rac1 h5 20. Nf4 Rf5 21. Nxg6 Rg5 22. Rxc7 Rxc7 23. Bxc7 Bc6 24. Rd8+ Kf7 25. Ne5+ Ke6 26. Nxc6 Kf5 27. h3 a6 1-0

[Event "CYCC U10 w"]
[Site "Victoria CAN"]
[Date "2005.03.27"]
[Round "7.1"]
[White "Hapchina, Malina"]
[Black "Roy, Myriam"]
[Result "0-1"]
[WhiteElo "954"]
[BlackElo "985"]
[PlyCount "78"]
[GameId "2160767910969065"]
[EventDate "2005.03.24"]
[EventType "swiss"]
[EventRounds "7"]
[EventCountry "CAN"]

1. d4 d5 2. c4 e6 3. Nf3 Nf6 4. g3 Nbd7 5. Bg2 dxc4 6. Nc3 Nb6 7. O-O Be7 8. Bf4 O-O 9. Ne5 Nfd5 10. Nxd5 exd5 11. Re1 Be6 12. e4 c6 13. Bd2 Nd7 14. Nxd7 Qxd7 15. b3 cxb3 16. axb3 dxe4 17. Bxe4 Qxd4 18. Qh5 g6 19. Qd1 Rad8 20. Ra2 Bb4 21. Ra4 Qxd2 22. Qxd2 Bxd2 23. Rd1 Bxb3 24. Rda1 Bxa4 25. Rxa4 a5 26. Ra2 a4 27. Kf1 Rd4 28. Bf3 a3 29. Ke2 Re8+ 30. Kd1 Ba5+ 31. Kc1 Re1+ 32. Kc2 Rd2+ 33. Kb3 Rd3+ 34. Kc2 Rc3+ 35. Kd2 Rxf3+ 36. Kc2 Re2+ 37. Kb1 Rb3+ 38. Kc1 Rxa2 39. Kd1 Rb1# 0-1

[Event "CYCC U10 w"]
[Site "Victoria CAN"]
[Date "2005.03.27"]
[Round "7.2"]
[White "Packo, Bianca"]
[Black "Kalaydina, Regina Veronicka"]
[Result "0-1"]
[WhiteElo "1016"]
[BlackElo "1056"]
[PlyCount "42"]
[GameId "2160767910969066"]
[EventDate "2005.03.24"]
[EventType "swiss"]
[EventRounds "7"]
[EventCountry "CAN"]

1. h4 e5 2. g3 d5 3. Nh3 Nf6 4. Rg1 Bc5 5. g4 Bxg4 6. f3 Bf5 7. Rxg7 Bg6 8. e3 Nc6 9. Ng5 Qd7 10. Bh3 Qe7 11. Be6 Rf8 12. Qe2 Rg8 13. Bxf7+ Bxf7 14. Rxf7 Qd8 15. Rxf6 Qxf6 16. Qg2 O-O-O 17. Qh3+ Kb8 18. Nxh7 Qh6 19. Qf5 Qxh4+ 20. Ke2 Rg2+ 21. Kd3 Qc4# 0-1

[Event "CYCC U10 w"]
[Site "Victoria CAN"]
[Date "2005.03.27"]
[Round "7.3"]
[White "Johnson, Andrea"]
[Black "Botez, Alexandra"]
[Result "0-1"]
[WhiteElo "939"]
[BlackElo "1317"]
[PlyCount "52"]
[GameId "2160767910969067"]
[EventDate "2005.03.24"]
[EventType "swiss"]
[EventRounds "7"]
[EventCountry "CAN"]

1. e4 e6 2. Nf3 d5 3. exd5 exd5 4. Bb5+ Bd7 5. Bxd7+ Nxd7 6. O-O Ngf6 7. Nc3 Be7 8. b3 O-O 9. Bb2 c5 10. Qe2 Re8 11. d3 Bd6 12. Rad1 Rxe2 13. Nxe2 d4 14. a4 Qc7 15. Ba3 Ne5 16. Nxe5 Bxe5 17. Ng3 Bxg3 18. fxg3 Ng4 19. b4 Ne3 20. bxc5 Nxf1 21. Rxf1 Qe5 22. Bb4 Qe3+ 23. Kh1 Re8 24. h4 Qxg3 25. a5 Re2 26. a6 Qxg2# 0-1

[Event "CYCC U10 w"]
[Site "Victoria CAN"]
[Date "2005.03.27"]
[Round "7.4"]
[White "Greber, Caitlin"]
[Black "Ruiter, Erika"]
[Result "0-1"]
[WhiteElo "1073"]
[BlackElo "956"]
[PlyCount "72"]
[GameId "2160767910969068"]
[EventDate "2005.03.24"]
[EventType "swiss"]
[EventRounds "7"]
[EventCountry "CAN"]

1. e4 Nf6 2. Nc3 d5 3. Nxd5 Nxd5 4. exd5 Qxd5 5. b3 Qe5+ 6. Be2 Qxa1 7. c3 Qxa2 8. Nf3 Nc6 9. O-O e5 10. Ng5 h6 11. Ne4 Bd6 12. f3 O-O 13. d4 Qa5 14. Nxd6 cxd6 15. Qd3 b6 16. Qe4 Bb7 17. Bd3 f5 18. Qxf5 Rxf5 19. Bxf5 Qxc3 20. Be6+ Kh8 21. d5 Nb4 22. h3 Nxd5 23. Bxd5 Bxd5 24. b4 Qxb4 25. Rd1 Bb3 26. Rd3 Qc5+ 27. Be3 Qc4 28. Rd2 d5 29. h4 d4 30. Bxd4 exd4 31. Rd1 Bxd1 32. Kh2 Qc7+ 33. g3 Bxf3 34. Kg1 Qc2 35. Kf1 Re8 36. Kg1 Re1# 0-1

[Event "CYCC U12"]
[Site "Victoria CAN"]
[Date "2005.03.24"]
[Round "1"]
[White "Miller, Ben"]
[Black "Taylor, Patrick"]
[Result "1-0"]
[WhiteElo "847"]
[BlackElo "807"]
[PlyCount "53"]
[GameId "2160767910969072"]
[EventDate "2005.03.24"]
[EventType "swiss"]
[EventRounds "7"]
[EventCountry "CAN"]
[SourceTitle "EXT 2006"]
[Source "ChessBase"]
[SourceDate "2005.11.24"]
[SourceVersion "1"]
[SourceVersionDate "2005.11.24"]
[SourceQuality "1"]

1. e3 e5 2. d4 exd4 3. exd4 Qf6 4. h4 c5 5. Bg5 Qf5 6. Bc4 cxd4 7. Qxd4 Bb4+ 8. c3 Nc6 9. Qxg7 b6 10. Qxh8 d5 11. Qxg8+ Kd7 12. cxb4 Qe5+ 13. Be3 d4 14. Qxf7+ Ne7 15. Nf3 dxe3 16. Nxe5+ Kd6 17. fxe3 Nd5 18. Qxd5+ Kc7 19. Qxa8 h5 20. Qxa7+ Bb7 21. Ba6 b5 22. Qxb7+ Kd6 23. Na3 Kxe5 24. Rd1 Kf5 25. Qd5+ Kg4 26. Rd4+ Kg3 27. Qd6+ 1-0

[Event "CYCC U12"]
[Site "Victoria CAN"]
[Date "2005.03.24"]
[Round "1"]
[White "Tom, Foster"]
[Black "Huang, Richard"]
[Result "0-1"]
[WhiteElo "988"]
[BlackElo "1477"]
[PlyCount "60"]
[GameId "2160767910969073"]
[EventDate "2005.03.24"]
[EventType "swiss"]
[EventRounds "7"]
[EventCountry "CAN"]
[SourceTitle "EXT 2006"]
[Source "ChessBase"]
[SourceDate "2005.11.24"]
[SourceVersion "1"]
[SourceVersionDate "2005.11.24"]
[SourceQuality "1"]

1. d4 d5 2. c4 c6 3. Nc3 Nf6 4. Bg5 e6 5. e4 dxe4 6. Nxe4 Bb4+ 7. Nc3 Nbd7 8. Nf3 Qa5 9. Qb3 Ne4 10. Rc1 Bxc3+ 11. bxc3 Nxg5 12. Nxg5 Qxg5 13. Qc2 Nb6 14. Bd3 Qxg2 15. Be4 Qg5 16. Qd2 Qxd2+ 17. Kxd2 Nxc4+ 18. Kd3 Nd6 19. Rhg1 Nxe4 20. Kxe4 O-O 21. Rg3 g6 22. c4 b6 23. d5 cxd5+ 24. cxd5 exd5+ 25. Kxd5 Be6+ 26. Ke5 Bxa2 27. f4 Be6 28. Re1 Rfe8 29. Kd4 Bf5 30. Rc3 Re4+ 0-1

[Event "CYCC U12"]
[Site "Victoria CAN"]
[Date "2005.03.24"]
[Round "1.1"]
[White "Gupta, Udit"]
[Black "Mai, Lloyd"]
[Result "0-1"]
[WhiteElo "1283"]
[BlackElo "1955"]
[PlyCount "78"]
[GameId "2160767910969074"]
[EventDate "2005.03.24"]
[EventType "swiss"]
[EventRounds "7"]
[EventCountry "CAN"]

1. e4 c5 2. Nf3 d6 3. Nc3 Nc6 4. Bc4 g6 5. d3 Bg7 6. Bd2 e5 7. Ng5 Nh6 8. Nf3 Be6 9. Bd5 O-O 10. O-O Ne7 11. Bg5 Bxd5 12. Nxd5 f6 13. Nxe7+ Qxe7 14. Be3 f5 15. exf5 gxf5 16. Re1 f4 17. Bd2 Qf6 18. Bc3 Kh8 19. Qe2 Rae8 20. Qe4 b5 21. a3 Nf5 22. b4 Nd4 23. Bxd4 cxd4 24. a4 Qf7 25. Ng5 Qh5 26. Nf3 Qf7 27. axb5 d5 28. Qe2 e4 29. dxe4 dxe4 30. Ng5 Qg6 31. h4 h6 32. Ra6 d3 33. Qd2 Qf5 34. Nh3 Qxb5 35. Rxa7 e3 36. fxe3 fxe3 37. Qxd3 Qxb4 38. Re2 Qb1+ 39. Kh2 Qb8+ 0-1

[Event "CYCC U12"]
[Site "Victoria CAN"]
[Date "2005.03.24"]
[Round "1.2"]
[White "Xiong, Jerry"]
[Black "Culjaga, Marko"]
[Result "1-0"]
[WhiteElo "1832"]
[BlackElo "1263"]
[PlyCount "61"]
[GameId "2160767910969075"]
[EventDate "2005.03.24"]
[EventType "swiss"]
[EventRounds "7"]
[EventCountry "CAN"]

1. e4 c5 2. Nf3 e6 3. d4 cxd4 4. Nxd4 Nf6 5. Nc3 a6 6. Be3 Nc6 7. f3 Qc7 8. Qd2 Be7 9. O-O-O b5 10. Nb3 b4 11. Na4 d6 12. g4 h6 13. h4 Bd7 14. Nb6 Rb8 15. Nxd7 Nxd7 16. Kb1 a5 17. f4 Bf6 18. Qxd6 Qxd6 19. Rxd6 Rc8 20. Bb5 Ndb8 21. Nxa5 Be7 22. Bxc6+ Nxc6 23. Rxc6 Rxc6 24. Nxc6 Kd7 25. Ne5+ Kc7 26. Rd1 Rd8 27. Rxd8 Bxd8 28. Nxf7 Bxh4 29. g5 hxg5 30. Nxg5 Bxg5 31. fxg5 1-0

[Event "CYCC U12"]
[Site "Victoria CAN"]
[Date "2005.03.24"]
[Round "1.3"]
[White "Patterson, Sean"]
[Black "Fan, Brendan"]
[Result "0-1"]
[WhiteElo "1205"]
[BlackElo "1789"]
[PlyCount "76"]
[GameId "2160767910969076"]
[EventDate "2005.03.24"]
[EventType "swiss"]
[EventRounds "7"]
[EventCountry "CAN"]

1. e4 e6 2. Nf3 d5 3. exd5 exd5 4. d4 Bd6 5. Nc3 Ne7 6. Bb5+ c6 7. Bd3 Bf5 8. Bxf5 Nxf5 9. Qe2+ Ne7 10. O-O O-O 11. Qd3 Ng6 12. h4 Nxh4 13. Ng5 Ng6 14. f4 h6 15. f5 Nh8 16. f6 Ng6 17. Qf5 Qxf6 18. Qxf6 gxf6 19. Rxf6 Be7 20. Rf5 Bxg5 21. Bxg5 hxg5 22. Rxg5 Kg7 23. Rf1 Nd7 24. Rf3 Rae8 25. Kf2 Re6 26. Ne2 Rf6 27. Nf4 Re8 28. Nh5+ Kh6 29. Nxf6 Nxf6 30. Rxf6 Kxg5 31. Rxf7 Rf8 32. Rxf8 Nxf8 33. Kf3 Ne6 34. c3 Nf4 35. g3 Nd3 36. b3 Nc1 37. c4 Nxa2 38. cxd5 cxd5 0-1

[Event "CYCC U12"]
[Site "Victoria CAN"]
[Date "2005.03.24"]
[Round "1.4"]
[White "Szalay, Karoly"]
[Black "Chow, Thomas"]
[Result "1-0"]
[WhiteElo "1795"]
[BlackElo "1288"]
[PlyCount "67"]
[GameId "2160767910969077"]
[EventDate "2005.03.24"]
[EventType "swiss"]
[EventRounds "7"]
[EventCountry "CAN"]

1. e4 c5 2. Nf3 Nc6 3. d4 cxd4 4. Nxd4 Nf6 5. Nc3 e6 6. Be3 Bb4 7. f3 Bxc3+ 8. bxc3 d5 9. Nxc6 bxc6 10. e5 Nd7 11. f4 f6 12. exf6 Nxf6 13. Bd3 O-O 14. O-O Re8 15. Bd4 Ne4 16. Bxe4 dxe4 17. Qe2 Bb7 18. Qxe4 c5 19. Qxb7 cxd4 20. Rfd1 Re7 21. Qe4 Rc8 22. cxd4 Qc7 23. Rac1 Qa5 24. c4 Qxa2 25. d5 Rce8 26. d6 Rd7 27. f5 e5 28. Qc6 Red8 29. Qd5+ Kh8 30. Qxe5 Qa6 31. c5 Qc6 32. Qd5 Qxd5 33. Rxd5 a5 34. c6 1-0

[Event "CYCC U12"]
[Site "Victoria CAN"]
[Date "2005.03.24"]
[Round "1.5"]
[White "Lacouvee, Connor"]
[Black "Jiang, Louie"]
[Result "0-1"]
[WhiteElo "1172"]
[BlackElo "1731"]
[PlyCount "52"]
[GameId "2160767910969078"]
[EventDate "2005.03.24"]
[EventType "swiss"]
[EventRounds "7"]
[EventCountry "CAN"]

1. e4 c5 2. Nf3 d6 3. Bb5+ Bd7 4. Bxd7+ Nxd7 5. O-O Ngf6 6. Nc3 e6 7. d3 Be7 8. Re1 O-O 9. Bg5 b6 10. Bxf6 Bxf6 11. d4 cxd4 12. Nxd4 a6 13. Nde2 Qc7 14. Qd2 Rad8 15. f4 b5 16. a3 Nb6 17. b3 Rc8 18. Nxb5 axb5 19. Rad1 Qxc2 20. Qxc2 Rxc2 21. Rxd6 Nc8 22. Nd4 Rd2 23. Nxb5 Nxd6 24. Nxd6 Bd4+ 25. Kh1 Bf2 26. Rf1 Rxd6 0-1

[Event "CYCC U12"]
[Site "Victoria CAN"]
[Date "2005.03.24"]
[Round "1.6"]
[White "Yam, Richard"]
[Black "Keith-Jacques, Liam"]
[Result "1-0"]
[WhiteElo "1718"]
[BlackElo "1167"]
[PlyCount "74"]
[GameId "2160767910969079"]
[EventDate "2005.03.24"]
[EventType "swiss"]
[EventRounds "7"]
[EventCountry "CAN"]

1. e4 c5 2. Nf3 d6 3. Nc3 Bg4 4. Be2 Nc6 5. h3 Bd7 6. d3 e5 7. O-O Nf6 8. Bg5 Be7 9. Kh1 Nd4 10. Nh2 h6 11. Bh4 g5 12. Bg3 Qc8 13. Ng4 Nxg4 14. Bxg4 Bxg4 15. hxg4 Ne6 16. Nd5 Nf4 17. Bxf4 exf4 18. Qf3 Qd7 19. Kg1 Rc8 20. Rfe1 Qe6 21. Re2 Qe5 22. Rae1 Bd8 23. c3 Rc6 24. Rd2 O-O 25. Qh3 Kg7 26. Rf1 Ra6 27. a3 Rh8 28. Qf3 b5 29. g3 fxg3 30. fxg3 f6 31. d4 cxd4 32. cxd4 Qe6 33. Rc2 Rf8 34. Nc7 Bxc7 35. Rxc7+ Rf7 36. Qf5 Qxf5 37. Rxf7+ Kxf7 1-0

[Event "CYCC U12"]
[Site "Victoria CAN"]
[Date "2005.03.24"]
[Round "1.8"]
[White "Landry, Francois Guillaume"]
[Black "Smorshchok, Daniel"]
[Result "1-0"]
[WhiteElo "1151"]
[BlackElo "1102"]
[PlyCount "89"]
[GameId "2160767910969080"]
[EventDate "2005.03.24"]
[EventType "swiss"]
[EventRounds "7"]
[EventCountry "CAN"]

1. e4 c5 2. Nf3 e6 3. d4 cxd4 4. Nxd4 a6 5. Nc3 Bb4 6. Bd2 Qb6 7. Nf3 Nc6 8. Na4 Bxd2+ 9. Qxd2 Qa7 10. Qc3 Nf6 11. Bd3 b5 12. Nc5 Qb6 13. Nb3 d6 14. h3 e5 15. O-O b4 16. Qd2 h6 17. Rfe1 Nh5 18. Bc4 Qd8 19. Bd5 Qb6 20. Bxc6+ Qxc6 21. Qxb4 Rb8 22. Qd2 Nf4 23. Rad1 Rb6 24. Nxe5 Qc7 25. Nf3 O-O 26. Qxf4 Qe7 27. e5 dxe5 28. Qxe5 Qxe5 29. Rxe5 Rc6 30. Rc1 Rg6 31. Kh2 Rd8 32. c4 Be6 33. c5 a5 34. a3 a4 35. Na5 Bd5 36. c6 Bxf3 37. gxf3 Rd2 38. Rf1 Rxb2 39. Re7 Kh7 40. c7 Rf6 41. Kg3 g5 42. Rd1 h5 43. Rd8 h4+ 44. Kg2 Rbb6 45. c8=Q 1-0

[Event "CYCC U12"]
[Site "Victoria CAN"]
[Date "2005.03.24"]
[Round "1.9"]
[White "Raymer, Elliot"]
[Black "Moore, Zachary"]
[Result "1-0"]
[WhiteElo "1481"]
[BlackElo "1081"]
[PlyCount "39"]
[GameId "2160767910969081"]
[EventDate "2005.03.24"]
[EventType "swiss"]
[EventRounds "7"]
[EventCountry "CAN"]

1. e4 Nh6 2. d4 g6 3. Nf3 e6 4. e5 Ng4 5. h3 Nh6 6. Bg5 Be7 7. Bxh6 b6 8. Qd2 a5 9. Bg7 Rg8 10. Qh6 Bb4+ 11. c3 Bf8 12. Bxf8 Rxf8 13. Ng5 f6 14. Nxh7 Rh8 15. Qg7 Rxh7 16. Qg8+ Ke7 17. Qxh7+ Ke8 18. Qxg6+ Kf8 19. exf6 Qe8 20. Qg7# 1-0

[Event "CYCC U12"]
[Site "Victoria CAN"]
[Date "2005.03.24"]
[Round "1.9"]
[White "Wasser, Reuben"]
[Black "Zhang, Brent"]
[Result "0-1"]
[WhiteElo "1098"]
[BlackElo "1558"]
[PlyCount "79"]
[GameId "2160767910969082"]
[EventDate "2005.03.24"]
[EventType "swiss"]
[EventRounds "7"]
[EventCountry "CAN"]

1. e4 e6 2. d4 d5 3. e5 c5 4. c3 Nc6 5. Nf3 Qb6 6. Qb3 cxd4 7. cxd4 Nxd4 8. Qa4+ Nc6 9. Bb5 Bc5 10. O-O Nge7 11. b4 Bd4 12. Be3 Bxe3 13. fxe3 Qxe3+ 14. Kh1 Bd7 15. Qb3 Qxb3 16. axb3 Nxb4 17. Bxd7+ Kxd7 18. Nd4 Rhe8 19. Na3 Nbc6 20. Ndb5 Nxe5 21. h3 a6 22. Nd4 N7c6 23. Nxc6 bxc6 24. Rae1 f6 25. g4 Rab8 26. Re3 Rb6 27. g5 Ke7 28. Nc2 c5 29. Rg1 Ng6 30. h4 f5 31. h5 Nf8 32. Kg2 Reb8 33. Rc3 Nd7 34. Kf2 Rxb3 35. Rxb3 Rxb3 36. Ne3 Ne5 37. Re1 Nd3+ 38. Ke2 Nxe1 39. Kxe1 Rxe3+ 40. Kd2 0-1

[Event "CYCC U12"]
[Site "Victoria CAN"]
[Date "2005.03.24"]
[Round "1.11"]
[White "Milner, Aviv"]
[Black "Renaud, Joshua"]
[Result "1-0"]
[WhiteElo "1444"]
[BlackElo "981"]
[PlyCount "119"]
[GameId "2160767910969083"]
[EventDate "2005.03.24"]
[EventType "swiss"]
[EventRounds "7"]
[EventCountry "CAN"]

1. e4 b6 2. Nc3 Bb7 3. Bc4 e6 4. a3 Nf6 5. d3 h6 6. Nf3 Be7 7. O-O d6 8. Re1 Nbd7 9. h3 O-O 10. Bf4 e5 11. Bh2 Re8 12. Nd2 Nf8 13. Nf1 N8h7 14. Ne3 c6 15. Nf5 d5 16. exd5 cxd5 17. Bb5 Rf8 18. Nxe7+ Qxe7 19. Rxe5 Qc5 20. d4 Qc8 21. f3 Bc6 22. Bxc6 Qxc6 23. Qd2 Rfe8 24. Rae1 Nf8 25. Rxe8 Nxe8 26. Be5 Rd8 27. Nd1 f6 28. Bg3 Ne6 29. c3 Qd7 30. Qe2 N8c7 31. Bxc7 Nxc7 32. Qe7 Qc8 33. Qe2 Re8 34. Qd2 Ne6 35. Ne3 Nf4 36. Nd1 Nh5 37. Rxe8+ Qxe8 38. Kf2 Qb8 39. Kg1 Qg3 40. Qf2 Qc7 41. Qe3 Qg3 42. Qe8+ Kh7 43. Qxh5 Qe1+ 44. Kh2 Qxd1 45. Qf5+ Kh8 46. Kg3 Qe1+ 47. Kg4 Qc1 48. Qxd5 Qd2 49. g3 Qe3 50. Qa8+ Kh7 51. Qe4+ Qxe4+ 52. fxe4 Kg8 53. b4 Kf7 54. c4 g6 55. c5 Ke7 56. c6 Kd6 57. b5 Kc7 58. e5 f5+ 59. Kf4 Kd8 60. d5 1-0

[Event "CYCC U12"]
[Site "Victoria CAN"]
[Date "2005.03.24"]
[Round "1.12"]
[White "Herringer, Moise"]
[Black "MacKinnon, Keith"]
[Result "0-1"]
[WhiteElo "1152"]
[BlackElo "1661"]
[PlyCount "78"]
[GameId "2160767910969084"]
[EventDate "2005.03.24"]
[EventType "swiss"]
[EventRounds "7"]
[EventCountry "CAN"]

1. e4 c5 2. g3 Nc6 3. Bg2 g6 4. c3 Bg7 5. Nf3 d6 6. d4 cxd4 7. cxd4 Qb6 8. O-O Nxd4 9. Be3 Nxf3+ 10. Bxf3 Qxb2 11. Nd2 Qxa1 12. Bg4 Bxg4 13. Qxg4 Qxa2 14. Nf3 h5 15. Qh3 Nf6 16. e5 dxe5 17. Nxe5 O-O 18. Nf3 Qe2 19. Nd4 Qg4 20. Qg2 e5 21. f3 Qd7 22. Ne2 b6 23. Nc3 Qd3 24. Bd2 Rfd8 25. Be1 Rac8 26. Ne4 Nxe4 27. fxe4 Rd4 28. Qa2 Rc2 29. Qxf7+ Kh7 30. Rf6 Qe3+ 31. Bf2 Rd1+ 32. Kg2 Qxe4+ 33. Kh3 Rdd2 34. Rf3 Rxf2 35. Rxf2 Rxf2 36. Qxf2 Qf5+ 37. Qxf5 gxf5 38. Kh4 e4 39. Kh3 a5 0-1

[Event "CYCC U12"]
[Site "Victoria CAN"]
[Date "2005.03.24"]
[Round "1.12"]
[White "Moore, Jeremy"]
[Black "Wild, Joshua"]
[Result "0-1"]
[WhiteElo "863"]
[BlackElo "1411"]
[PlyCount "46"]
[GameId "2160767910969085"]
[EventDate "2005.03.24"]
[EventType "swiss"]
[EventRounds "7"]
[EventCountry "CAN"]

1. e4 e5 2. Qf3 Nf6 3. Bd3 d5 4. Nc3 Bg4 5. Qg3 d4 6. Nd5 Be6 7. Nxf6+ Qxf6 8. Nf3 Nc6 9. O-O a6 10. h3 O-O-O 11. Re1 h5 12. b3 h4 13. Nxh4 Qxh4 14. Qf3 Qg5 15. c3 Rxh3 16. g3 Bg4 17. Qg2 Be7 18. cxd4 Rdh8 19. Bb2 Rh1+ 20. Qxh1 Rxh1+ 21. Kxh1 Bf3+ 22. Kg1 Qh5 23. dxe5 Qh1# 0-1

[Event "CYCC U12"]
[Site "Victoria CAN"]
[Date "2005.03.24"]
[Round "1.13"]
[White "Breel, Kevin"]
[Black "Nodin, Carl"]
[Result "1-0"]
[WhiteElo "1374"]
[BlackElo "846"]
[PlyCount "49"]
[GameId "2160767910969086"]
[EventDate "2005.03.24"]
[EventType "swiss"]
[EventRounds "7"]
[EventCountry "CAN"]

1. d4 Nc6 2. e4 e6 3. c4 e5 4. d5 Nb4 5. a3 Na6 6. Nf3 d6 7. Be2 Bg4 8. O-O Be7 9. Nc3 c6 10. h3 Bd7 11. Ne1 cxd5 12. exd5 e4 13. Nxe4 Nf6 14. Nxf6+ Bxf6 15. Nd3 Qc7 16. Qc2 Be6 17. dxe6 fxe6 18. Re1 d5 19. Bh5+ g6 20. Rxe6+ Kd7 21. Bg4 Bd8 22. Rxa6+ Ke8 23. Qe2+ Kf8 24. Bh6+ Kg8 25. Be6+ 1-0